|
|
|
|
| LEADER |
01305nam a2200265 a 4500 |
| 001 |
GR-MES13037 |
| 008 |
070910s2005 ne ab b 000 0 gre|c |
| 020 |
|
|
|a 1402033540
|
| 040 |
|
|
|a GrPaTEI
|b gre
|c GR-PaULI
|
| 082 |
|
0 |
|a 551.6
|
| 245 |
0 |
0 |
|a Increasing climate variability and change :
|b Reducing the vulnerability of agriculture and forestry /
|c edited by James Salinger, M.V.K. Sivakumar, Raymond P. Motha.
|
| 260 |
|
|
|a Dordrecht, Netherlands ;
|a Norwell, Mass. :
|b Springer,
|c c2005.
|
| 300 |
|
|
|a 362 σ. :
|b εικ. ;
|c 25 εκ.
|
| 500 |
|
|
|a "Reprinted from Climatic Change, Volume 70, Nos. 1-2, 2005."
|
| 504 |
|
|
|a Περιλαμβάνει βιβλιογραφικές παραπομπές.
|
| 650 |
|
0 |
|a Climatic changes
|
| 650 |
|
4 |
|a Κλιματολογικές αλλαγές
|
| 650 |
|
4 |
|a Φαινόμενο θερμοκηπίου
|
| 700 |
1 |
|
|a Motha, Raymond P.
|e επιμελητής.
|
| 700 |
1 |
|
|a Salinger, M. J.
|e επιμελητής.
|
| 700 |
1 |
|
|a Siva Kumar, M. V. K.
|e επιμελητής.
|
| 942 |
|
|
|2 ddc
|
| 952 |
|
|
|0 0
|1 0
|2 ddc
|4 0
|6 551_600000000000000_INC
|7 0
|9 271561
|a MSLG
|b MSLG
|c BSC
|d 2021-01-17
|e 24
|f 0
|g 0.00
|l 0
|o 551.6 INC
|p 2420000022373
|r 2021-01-17 00:00:00
|t 1
|w 2021-01-17
|y BK15
|x 20070910 0 ΜΑΤΣΙΩΡΗ 1
|x GrPaTEI
|
| 971 |
|
|
|a .b25790845
|b 03-06-20
|c 13-09-16
|
| 999 |
|
|
|c 156895
|d 156895
|